La seguridad ciudadana como medio para reconstruir el tejido social /
Guardat en:
| Autor principal: | |
|---|---|
| Format: | Text |
| Matèries: | |
| Etiquetes: |
Afegir etiqueta
Sense etiquetes, Sigues el primer a etiquetar aquest registre!
|
MARC
| LEADER | 00000 a a2200000 04500 | ||
|---|---|---|---|
| 001 | 45501 | ||
| 003 | |||
| 040 | |a CRAI/IIS |c CRAI/IIS | ||
| 090 | |a REV0780 (36)1998 | ||
| 100 | |a López Chávez, Carlos | ||
| 245 | |a La seguridad ciudadana como medio para reconstruir el tejido social / |c Carlos lópez Chávez | ||
| 650 | |a SEGURIDAD | ||
| 650 | |a INTEGRACION SOCIAL | ||
| 650 | |a CONTROL SOCIAL | ||
| 650 | |a PARTICIPACION SOCIAL | ||
| 650 | |a PREVENCION SOCIAL | ||
| 650 | |a DELINCUENCIA | ||
| 773 | |g número36, IV Epoca (1998), páginas 35-44 | ||
| 999 | |c 18194 |d 18194 | ||
